000 00708nam a2200193Ia 4500
003 GCL
005 20240530105204.0
008 140319s9999 xx 000 0 ara d
040 _aGCL /
_cGCL
082 0 4 _a320
_bم إ
100 1 _aملحم قربان
245 1 0 _aقضايا الفكر السياسى : الادارة الخيرة او مملكة الغايات او الامر اللازم الجازم /
_cملحم قربان
260 _a[S.N] :
_bالمؤسسة الجامعية للدراسات والنشر والتوزيع ،
_c1987
490 0 _aقضايا الفكر السياسى
650 0 4 _aالاسلام
650 0 4 _aالفلسفة
650 0 4 _aالسياسة
942 _2ddc
_cBK
999 _c53778
_d53778